banner-ar

GCSE ENGLISH, STUDY GUIDE / (Record no. 16325)

MARC details
000 -الفاتح
حقل البيانات ثابتة الطول 00445nam a2200169Ia 4500
008 - عناصر البيانات ثابتة الطول - معلومات عامة
حقل البيانات ثابتة الطول 140319s9999 xx 000 0 eng d
040 ## - مصدر الفهرسة
وكالة الفهرسة الأصلية GCL /
وكالة النسخ GCL
082 04 - رقم تصنيف ديوى العشرى
رقم التصنيف 420.71
رقم المادة H G
100 1# - المدخل الرئيسى - إسم شخصى
الإسم الشخصى HUBBARD, SHELAGH
245 10 - بيان العنوان
العنوان GCSE ENGLISH, STUDY GUIDE /
بيان المسئوليه,etc HUBBARD, SHELAGH
700 1# - المدخل الاضافى - اسم شخصى
الإسم الشخصى SWEETMAN, JIM
260 ## - PUBLICATION, DISTRIBUTION, ETC. (IMPRINT)
تاريخ النشر أو التوزيع 1993
300 ## - الوصف المادى
التعداد 207
650 04 - المدخل الاضافى بالموضوع-مصطلح موضوعى
مصطلح موضوعي ENGLISH LANGUAGE
942 ## - عناصر المدخل الإضافي( كوها)
مصدر التصنيف او مخطط الترفيف Dewey Decimal Classification
Koha [default] item type كتاب
260 ## - PUBLICATION, DISTRIBUTION, ETC. (IMPRINT)
-- [S.N] :
-- BPP LETTS EDUCATIONAL LTD ،
Holdings
حالة التراجع حالة الفقد حالة تلف ليس للاعارة المكان المؤقت الموقع الحالى تاريخ الاكتساب اجمالي اﻻعارات رقم الطلب الباركود تاريخ اخر مشاهدة تاريخ تفعيل السعر نوع وعاء كوها
        مكتبة القاهرة الكبرى مكتبة القاهرة الكبرى 03/26/2014   420.71\H G 29728 03/26/2014 03/26/2014 كتاب
        مكتبة القاهرة الكبرى مكتبة القاهرة الكبرى 03/26/2014   420.71\H G 29729 03/26/2014 03/26/2014 كتاب

Powered By

EGPV